| 000 | 00723nam a2200205 a 4500 | ||
|---|---|---|---|
| 001 | 000035363 | ||
| 005 | 20240418073804.0 | ||
| 008 | 111028s1959 sp 000 0 spa d | ||
| 040 |
_aDO-SdBNP _bspa _cBNPHU |
||
| 082 |
_a301 _bA973t |
||
| 100 | 1 |
_aAyala, Francisco _950926 |
|
| 245 | 1 | 0 |
_aTratado de sociología / _cFrancisco Ayala. |
| 260 |
_aMadrid : _bAguilar, _c1959. |
||
| 300 |
_axxxi, 558 p. ; _c22 cm. |
||
| 490 | 1 | _aBiblioteca de ciencias sociales. Sección sociología. | |
| 590 | _aPerteneció a la biblioteca personal de Juan Isidro Jimenes Grullón. | ||
| 650 | 2 | 0 |
_aSociología _91061 |
| 830 | 0 |
_aBiblioteca de ciencias sociales. _pSección sociología _961162 |
|
| 910 | _aValidado. Control de calidad BNPHU | ||
| 999 |
_c34854 _d34854 |
||